States & Provinces In The Mississippi River System - Statistics

General Stats
  • This quiz has been taken 48 times
    47 since last reset
  • The average score is 31 of 31
Answers on the Map
Answers color-coded by a green-red scale on the quiz's map according to % correct below.
 
Answer Stats
Answer % Correct
Alabama
100%
Arkansas
100%
Colorado
100%
Georgia
100%
Illinois
100%
Iowa
100%
Kentucky
100%
Louisiana
100%
Mississippi
100%
Missouri
100%
Montana
100%
Nebraska
100%
New Mexico
100%
New York
100%
North Carolina
100%
North Dakota
100%
Ohio
100%
Oklahoma
100%
Pennsylvania
100%
South Dakota
100%
Tennessee
100%
Texas
100%
Virginia
100%
West Virginia
100%
Wisconsin
100%
Wyoming
100%
Indiana
97%
Kansas
97%
Minnesota
97%
Alberta
94%
Saskatchewan
86%
No matching quizzes found
Score Distribution
Percent of People with Each Score
Percentile by Number Answered
Your Score History
You have not taken this quiz since the last reset